000 00584nam a2200217Ii 4500
003 JO-AjNU
008 230606s9999||||xx |||||||||||||| ||und||
020 _a81-7625-494-0
040 _aJO-AjNU
_beng
_erda
_cJO-AjNU
041 _aeng
050 1 4 _aBF173.2004
100 3 _aKumar,Vijandra,
_eauthor
_91320
245 0 0 _aOutlines of General Psychology
250 _a1 ed
264 3 1 _aNew Delhi:Sarup and Sons,2004
300 _a351p
336 _atext
_btxt
_2rdacontent
337 _aunmediated
_bn
_2rdamedia
338 _avolume
_bnc
_2rdacarrier
650 4 _aPsychology
_91321
999 _aE694
_c694
_d694